000 00371nam a2200169Ia 4500
001 15646
003 IN-NITTTR
005 20251114233147.0
008 251113s9999||||xx |||||||||||||| ||eng||
040 _beng
040 _cIN-NITTTR
041 _aeng
082 _a631.3 B413F
100 _aBell, Brian
245 0 _aFarm machinery. /
_cBell, Brian
942 _2ddc
_cBK
999 _c18280
_d18280